Sort the Florida Teams Quiz Stats

 Plays Quiz Updated May 27, 2018

Challenge
Share
Tweet
Embed
Score 0/9 Timer 01:00
2 Plays Today
Question Answer Wrong Answers
Miami Heat NBA
97.6%
MLB
0.6%
NFL
0.2%
NHL
0.2%
Orlando Magic NBA
97.4%
MLB
0.7%
NFL
0.2%
NHL
0.3%
Miami Dolphins NFL
96.3%
MLB
0.8%
NBA
0.7%
NHL
0.5%
Jacksonville Jaguars NFL
95.6%
MLB
1.1%
NBA
0.9%
NHL
0.9%
Miami Marlins MLB
95.3%
NBA
1%
NFL
1.3%
NHL
0.9%
Tampa Bay Buccaneers NFL
95.1%
MLB
1.9%
NBA
0.9%
NHL
0.6%
Tampa Bay Lightning NHL
94.3%
MLB
1.6%
NBA
1.7%
NFL
0.7%
Tampa Bay Rays MLB
94.1%
NBA
1%
NFL
0.9%
NHL
2.6%
Florida Panthers NHL
88.9%
MLB
1.6%
NBA
1.1%
NFL
6.9%

You're not logged in!

Compare scores with friends on all Sporcle quizzes.
Join for Free
OR
Log In

You Might Also Like...

Show Comments

Extras

Top Quizzes Today


Score Distribution

Your Account Isn't Verified!

In order to create a playlist on Sporcle, you need to verify the email address you used during registration. Go to your Sporcle Settings to finish the process.

Report this User

Report this user for behavior that violates our Community Guidelines.

Details: